| 000 | nam a22 7a 4500 | ||
|---|---|---|---|
| 999 |
_c29017 _d29017 |
||
| 008 | 170926b xxu||||| |||| 00| 0 eng d | ||
| 020 | _a9966252142 | ||
| 050 | _aBV 1470 .L48 2005 | ||
| 100 | _aLevi, Lavera. | ||
| 245 |
_aTogether in Christ : _bchristian religious education form 1 / _cLavera Levi |
||
| 260 |
_aNairobi : _bEast African Educational publishers, _c2005. |
||
| 300 |
_a181p. : _bill. ; _c25cm |
||
| 942 |
_2lcc _cAFRICANA _hBV 1470 .L48 2005 _020 |
||